Every Book of The Bible - Statistics

General Stats
  • This quiz has been taken 16 times
  • The average score is 41 of 66
Answer Stats
Answer % Correct
Exodus
100%
Genesis
100%
Job
93%
John
93%
Luke
93%
Mark
93%
Matthew
93%
Psalms
93%
Deuteronomy
87%
Leviticus
87%
Revelation
87%
Acts
80%
Proverbs
73%
Romans
73%
1 Corinthians
67%
1 Kings
67%
1 Samuel
67%
2 Corinthians
67%
2 John
67%
2 Kings
67%
2 Samuel
67%
Ezekiel
67%
Galatians
67%
Isaiah
67%
Jeremiah
67%
Numbers
67%
Ruth
67%
Titus
67%
1 John
60%
1 Peter
60%
1 Timothy
60%
2 Peter
60%
2 Timothy
60%
Daniel
60%
Esther
60%
Ezra
60%
Obadiah
60%
Philippians
60%
1 Chronicles
53%
2 Chronicles
53%
3 John
53%
Amos
53%
Colossians
53%
Ecclesiastes
53%
Ephesians
53%
James
53%
Joel
53%
Jonah
53%
Joshua
53%
Nehemiah
53%
Philemon
53%
1 Thessalonians
47%
2 Thessalonians
47%
Hosea
47%
Jude
47%
Judges
47%
Lamentations
47%
Malachi
47%
Song of Solomon
47%
Habakkuk
40%
Hebrews
40%
Micah
40%
Nahum
33%
Zephaniah
33%
Haggai
27%
Zechariah
27%
No matching quizzes found
Score Distribution
Percent of People with Each Score
Percentile by Number Answered
Your Score History
You have not taken this quiz